000 00871nam a2200241Ia 4500
008 130821s2004 ck a gr spa
020 _a958336634X
040 _aCo-BoUCM
_bspa
041 0 0 _aspa
110 2 _aFundación Oriéntame
_9161977
245 0 4 _a...y pasó lo que tenía que pasar embarazo juvenil opciones e implicaciones
_cFundación Oriéntame ; Margoth Mora, investigadora
260 _aBogotá (Colombia)
_bTonos & Medios
_c2004
300 _a147 páginas
_btablas
650 0 4 _aBienestar social
_910081
650 0 4 _aEducación sexual para jóvenes
_913872
650 0 4 _aEmbarazo en adolescentes
_914007
650 0 4 _aEmbarazo indeseado
_914008
650 0 4 _aÉtica
_9195
650 0 4 _aÉtica sexual para jóvenes
_915260
700 1 _aMora, Margoth
_9122447
942 _cLIBRO
_a5
_e1
_mF981
_2DEWEY
_h363.46
999 _c46417
_d46417